ARRUPE JESUIT UNIVERSITY

CORONAVIRUS -STOP THE SPREAD - CLEAN,DISINFECT,COVER

African occasions; (Record no. 120313)

MARC details
000 -LEADER
fixed length control field 00862cam a22002411a 4500
001 - CONTROL NUMBER
control field 15397130
003 - CONTROL NUMBER IDENTIFIER
control field ARRUPE
005 - DATE AND TIME OF LATEST TRANSACTION
control field 20140327162506.0
008 - FIXED-LENGTH DATA ELEMENTS--GENERAL INFORMATION
fixed length control field 080805s1938 sa cf f000 0 eng
010 ## - LIBRARY OF CONGRESS CONTROL NUMBER
LC control number 41001414
040 ## - CATALOGING SOURCE
Original cataloging agency DLC
Transcribing agency DLC
Modifying agency DLC
043 ## - GEOGRAPHIC AREA CODE
Geographic area code f-sa---
050 00 - LIBRARY OF CONGRESS CALL NUMBER
Classification number KTL110.B55
Item number A3 1938
300 ## - PHYSICAL DESCRIPTION
Other physical details front., plates, ports.
Dimensions 23 cm.
100 1# - MAIN ENTRY--PERSONAL NAME
Personal name Blackwell, Leslie,
Dates associated with a name 1885-
9 (RLIN) 9560
245 10 - TITLE STATEMENT
Title African occasions;
Remainder of title reminiscences of thirty years of bar, bench, and politics in South Africa.
Statement of responsibility, etc With a foreword by General J.C. Smuts.
260 ## - PUBLICATION, DISTRIBUTION, ETC. (IMPRINT)
Place of publication, distribution, etc London :
Name of publisher, distributor, etc Hutchinson & Co. ltd.,
Date of publication, distribution, etc [1938]
300 ## - PHYSICAL DESCRIPTION
Extent 287 p.
650 #0 - SUBJECT ADDED ENTRY--TOPICAL TERM
Topical term or geographic name as entry element Judges
Geographic subdivision South Africa
Form subdivision Biography.
9 (RLIN) 9561
650 #0 - SUBJECT ADDED ENTRY--TOPICAL TERM
Topical term or geographic name as entry element Lawyers
Geographic subdivision South Africa
Form subdivision Biography.
9 (RLIN) 9562
906 ## - LOCAL DATA ELEMENT F, LDF (RLIN)
a 0
b cbc
c premunv
d 3
e ncip
f 19
g y-gencatlg
942 ## - ADDED ENTRY ELEMENTS (KOHA)
Source of classification or shelving scheme Library of Congress Classification
Koha item type REFERENCE
Holdings
Withdrawn status Lost status Source of classification or shelving scheme Damaged status Not for loan Collection code Home library Current library Shelving location Date acquired Total Checkouts Full call number Barcode Date last seen Price effective from Koha item type
    Library of Congress Classification     SPECIAL Collection ARRUPE LIBRARY ARRUPE LIBRARY Main Collection 27/03/2014   SPC KTL110.B55 A3 1938 46500001834 27/03/2014 27/03/2014 REFERENCE

 

Arrupe Library. PO Box MP320 Mt Pleasant, Harare, Zimbabwe
263 242 745411|librarian@aju.ac.zw